A Teia da Carlota (Registo nº 198287)
[ vista simples ]
| 000 -Etiqueta do registo | |
|---|---|
| Valores | 00648nam 22002173 4500 |
| 010 ## - Número ISBN | |
| ISBN | 978-989-8839-51-0 |
| 021 ## - Número do Depósito Legal | |
| Número | 407636/16 |
| 100 ## - Dados gerais de processamento | |
| Dados gerais | 20251007d u||y0pory50 ba |
| 200 ## - Titulo e menção de responsabilidade | |
| Título próprio | A Teia da Carlota |
| Primeira menção de responsabilidade | E. B. White |
| Outras menções de responsabilidade | tradução de Carla Maia de Almeida |
| 205 ## - Menção da edição | |
| Edição | 1ª |
| 210 ## - Publicação | |
| Local de publicação | Amadora |
| Nome do editor | Fábula |
| Data de publicação | 2019 |
| 215 ## - Descrição física | |
| Paginação / Volumes | 184, [12] p. |
| Outras indicações físicas | brochado |
| Dimensões | 21 cm |
| 225 ## - Colecção | |
| Título próprio da colecção | Coleção Estrelas da Literatura Juvenil |
| Indicação de volume | 11 |
| 606 ## - Nome comum usado como assunto | |
| ID Autoridade | 57 |
| Palavra de ordem | Literatura Juvenil Americana |
| 675 ## - CDU | |
| Notação | 821.111(73)-93 |
| Edição | PT |
| Língua | por |
| 700 ## - Autor principal (pessoa individual) | |
| ID Autoridade | 14246 |
| Apelido | White |
| Nome | E. B. |
| Datas | 1899-1985 |
| 801 ## - Fonte de origem | |
| País | PT |
| Agência | BMMN |
| Regras de catalogação | RPC |
| 830 ## - Notas gerais do catalogador | |
| Criado por | Ana Caetano |
| 990 ## - Elementos KOHA | |
| Tipo de documento | Livro |
| Situação do levantamento | Biblioteca de origem | Código de barras | Cota | Permissão de empréstimo | Tipo de documento | Forma de aquisição |
|---|---|---|---|---|---|---|
| Biblioteca Escola São João de Deus | 26531 | 821.111(73)-93 WHI | Livro | Compra |